Gaming Quiz

Random Gaming or Pokémon Quiz

All Pokemon (Gen 1-8) Part 3 Quiz Stats

 Plays Quiz not verified by Sporcle

Support Sporcle.
Go Orange.
Score 0/296 Timer 20:00
0 Plays Today
Type Combination Answer % Correct
Water/DarkGreninja
92.6%
FireFennekin
90.7%
WaterFroakie
90.7%
GrassChespin
88.9%
Fire/PsychicDelphox
88.9%
Grass/FightingVirizion
87%
Grass/FightingChesnaught
87%
Normal/FlyingFletchling
87%
Fire/FlyingTalonflame
87%
SteelKlinklang
85.2%
Steel/FightingCobalion
85.2%
Rock/FightingTerrakion
85.2%
Dragon/FireReshiram
85.2%
Dragon/ElectricZekrom
85.2%
GrassQuilladin
85.2%
FireBraixen
85.2%
Fire/FlyingFletchinder
85.2%
Ghost/FireLampent
83.3%
Ghost/FireChandelure
83.3%
Bug/SteelDurant
83.3%
Bug/FireVolcarona
83.3%
FlyingTornadus
83.3%
Ground/FlyingLandorus
83.3%
Water/FightingKeldeo
83.3%
WaterFrogadier
83.3%
DragonGoodra
83.3%
Dragon/GroundZygarde
83.3%
Grass/FlyingRowlet
83.3%
Ghost/FireLitwick
81.5%
Normal/FlyingRufflet
81.5%
Normal/FlyingBraviary
81.5%
FireHeatmor
81.5%
Bug/FireLarvesta
81.5%
Dragon/IceKyurem
81.5%
Normal/PsychicMeloetta
81.5%
Dark/FlyingYveltal
81.5%
DragonAxew
79.6%
DragonHaxorus
79.6%
Dark/FlyingMandibuzz
79.6%
Dark/DragonDeino
79.6%
Dark/DragonHydreigon
79.6%
Electric/FlyingThundurus
79.6%
Bug/SteelGenesect
79.6%
Steel/GhostHonedge
79.6%
Electric/FairyDedenne
79.6%
DragonGoomy
79.6%
DragonSliggoo
79.6%
Steel/FairyKlefki
79.6%
Ghost/GrassPumpkaboo
79.6%
Grass/GhostDecidueye
79.6%
DragonFraxure
77.8%
Dark/DragonZweilous
77.8%
BugScatterbug
77.8%
Fire/NormalPyroar
77.8%
GrassGogoat
77.8%
Steel/GhostDoublade
77.8%
Steel/GhostAegislash
77.8%
Rock/DragonTyrunt
77.8%
Ghost/GrassGourgeist
77.8%
FairyXerneas
77.8%
Psychic/GhostHoopa
77.8%
FireLitten
77.8%
FireTorracat
77.8%
DragonDruddigon
75.9%
NormalBunnelby
75.9%
Normal/GroundDiggersby
75.9%
Bug/FlyingVivillon
75.9%
Fire/NormalLitleo
75.9%
FairyFlorges
75.9%
GrassSkiddo
75.9%
Rock/DragonTyrantrum
75.9%
Rock/IceAmaura
75.9%
IceAvalugg
75.9%
Rock/FairyDiancie
75.9%
Fire/WaterVolcanion
75.9%
Grass/FlyingDartrix
75.9%
Fire/DarkIncineroar
75.9%
Water/FairyPrimarina
75.9%
Electric/FairyTapu Koko
75.9%
Psychic/FairyTapu Lele
75.9%
Grass/FairyTapu Bulu
75.9%
PsychicCosmog
75.9%
ElectricEelektross
74.1%
Ground/ElectricStunfisk
74.1%
Dark/SteelPawniard
74.1%
Dark/SteelBisharp
74.1%
FightingPancham
74.1%
Fighting/DarkPangoro
74.1%
PsychicEspurr
74.1%
PsychicMeowstic
74.1%
FairySlurpuff
74.1%
Dark/PsychicMalamar
74.1%
Poison/DragonDragalge
74.1%
Electric/NormalHeliolisk
74.1%
FairySylveon
74.1%
Fighting/FlyingHawlucha
74.1%
Ghost/GrassTrevenant
74.1%
IceBergmite
74.1%
Flying/DragonNoibat
74.1%
Type Combination Answer % Correct
Flying/DragonNoivern
74.1%
WaterPopplio
74.1%
WaterBrionne
74.1%
Bug/ElectricVikavolt
74.1%
GrassTsareena
74.1%
Water/FairyTapu Fini
74.1%
Psychic/SteelSolgaleo
74.1%
Psychic/GhostLunala
74.1%
Bug/FightingBuzzwole
74.1%
Steel/FlyingCelesteela
74.1%
PsychicNecrozma
74.1%
ElectricTynamo
72.2%
ElectricEelektrik
72.2%
IceCubchoo
72.2%
Dark/FlyingVullaby
72.2%
BugSpewpa
72.2%
FairyFloette
72.2%
FairyAromatisse
72.2%
Dark/PsychicInkay
72.2%
Poison/WaterSkrelp
72.2%
Electric/NormalHelioptile
72.2%
Normal/FlyingPikipek
72.2%
Fire/FlyingOricorio
72.2%
Poison/FireSalandit
72.2%
Poison/FireSalazzle
72.2%
GrassBounsweet
72.2%
PsychicCosmoem
72.2%
Rock/PoisonNihilego
72.2%
Grass/SteelKartana
72.2%
Fighting/GhostMarshadow
72.2%
PoisonPoipole
72.2%
Poison/DragonNaganadel
72.2%
SteelMeltan
72.2%
GrassRillaboom
72.2%
FireScorbunny
72.2%
IceBeartic
70.4%
BugShelmet
70.4%
BugAccelgor
70.4%
Ground/GhostGolett
70.4%
Ground/GhostGolurk
70.4%
Rock/WaterBinacle
70.4%
Rock/WaterBarbaracle
70.4%
Rock/IceAurorus
70.4%
Rock/FairyCarbink
70.4%
Normal/FlyingTrumbeak
70.4%
Normal/FlyingToucannon
70.4%
Bug/ElectricCharjabug
70.4%
Bug/FairyCutiefly
70.4%
GrassSteenee
70.4%
Ghost/FairyMimikyu
70.4%
Normal/DragonDrampa
70.4%
ElectricXurkitree
70.4%
Dark/DragonGuzzlord
70.4%
Steel/FairyMagearna
70.4%
Rock/SteelStakataka
70.4%
SteelMelmetal
70.4%
WaterSobble
70.4%
WaterInteleon
70.4%
IceCryogonal
68.5%
FightingCrabrawler
68.5%
Bug/FairyRibombee
68.5%
Bug/FightingPheromosa
68.5%
Fire/GhostBlacephalon
68.5%
ElectricZeraora
68.5%
FireRaboot
68.5%
FireCinderace
68.5%
Flying/SteelCorviknight
68.5%
NormalWooloo
68.5%
NormalFurfrou
66.7%
FairySpritzee
66.7%
WaterClauncher
66.7%
Ghost/GrassPhantump
66.7%
NormalYungoos
66.7%
Fighting/IceCrabominable
66.7%
Poison/WaterToxapex
66.7%
GrassFomantis
66.7%
GrassLurantis
66.7%
Normal/FightingBewear
66.7%
Electric/SteelTogedemaru
66.7%
Dragon/FightingHakamo-o
66.7%
Dragon/FightingKommo-o
66.7%
GrassGrookey
66.7%
FlyingCorvisquire
66.7%
Fighting/SteelZamazenta
66.7%
Poison/DragonEternatus
66.7%
FightingMienfoo
64.8%
FightingMienshao
64.8%
FairySwirlix
64.8%
BugGrubbin
64.8%
RockRockruff
64.8%
RockLycanroc
64.8%
Poison/WaterMareanie
64.8%
Water/BugDewpider
64.8%
Normal/FightingStufful
64.8%
Fire/DragonTurtonator
64.8%
DragonJangmo-o
64.8%
GrassThwackey
64.8%
WaterDrizzile
64.8%
NormalDubwool
64.8%
Type Combination Answer % Correct
ElectricBoltund
64.8%
Fairy/SteelZacian
64.8%
NormalBouffalant
63%
WaterClawitzer
63%
NormalGumshoos
63%
Water/BugAraquanid
63%
Normal/PsychicOranguru
63%
Bug/WaterWimpod
63%
Ghost/GrassDhelmise
63%
FlyingRookidee
63%
BugBlipbug
63%
Bug/PsychicDottler
63%
Water/RockDrednaw
63%
ElectricYamper
63%
Grass/DragonApplin
63%
Dark/FairyGrimmsnarl
63%
Dragon/GhostDragapult
63%
FightingPassimian
61.1%
Bug/WaterGolisopod
61.1%
Ghost/GroundSandygast
61.1%
DarkThievul
61.1%
Grass/DragonFlapple
61.1%
Fire/BugCentiskorch
61.1%
Dark/FairyImpidimp
61.1%
Rock/FlyingMinior
59.3%
Water/PsychicBruxish
59.3%
Bug/PsychicOrbeetle
59.3%
DarkNickit
59.3%
RockRolycoly
59.3%
Rock/FireCoalossal
59.3%
Electric/PoisonToxtricity
59.3%
Fire/BugSizzlipede
59.3%
PsychicHattrem
59.3%
Dark/FairyMorgrem
59.3%
Electric/DragonDracozolt
59.3%
Electric/IceArctozolt
59.3%
Water/DragonDracovish
59.3%
Water/IceArctovish
59.3%
Dragon/GhostDreepy
59.3%
PsychicElgyem
57.4%
PsychicBeheeyem
57.4%
Grass/FairyShiinotic
57.4%
Ghost/GroundPalossand
57.4%
NormalSkwovet
57.4%
GrassEldegoss
57.4%
WaterChewtle
57.4%
Psychic/FairyHatterene
57.4%
Ice/BugSnom
57.4%
Ice/BugFrosmoth
57.4%
Dragon/GhostDrakloak
57.4%
Fighting/Dark or Fighting/WaterUrshifu
57.4%
WaterWishiwashi
55.6%
GroundMudbray
55.6%
GroundMudsdale
55.6%
Grass/FairyMorelull
55.6%
FairyComfey
55.6%
WaterPyukumuku
55.6%
NormalType: Null
55.6%
NormalSilvally
55.6%
NormalGreedent
55.6%
GrassGossifleur
55.6%
Grass/DragonAppletun
55.6%
Electric/PoisonToxel
55.6%
Ice/PstchicMr. Rime
55.6%
Dark/GrassZarude
55.6%
NormalKomala
53.7%
Rock/FireCarkol
53.7%
PsychicHatenna
53.7%
Ground/GhostRunerigus
53.7%
Psychic/NormalIndeedee
53.7%
Electric/DarkMorpeko
53.7%
Steel/DragonDuraludon
53.7%
FightingKubfu
53.7%
Psychic/GrassCalyrex
53.7%
Dark/NormalObstagoon
51.9%
IceEiscue
51.9%
GroundSandaconda
50%
Flying/WaterCramorant
50%
WaterArrokuda
48.1%
WaterBarraskewda
48.1%
FightingClobbopus
48.1%
FightingGrapploct
48.1%
SteelPerrserker
48.1%
ElectricPincurchin
48.1%
RockStonjourner
48.1%
ElectricRegieleki
46.9%
DragonRegidrago
46.9%
GroundSilicobra
46.3%
GhostSinistea
46.3%
GhostCursola
46.3%
FightingSirfetch'd
46.3%
FairyAlcremie
46.3%
GhostPolteageist
44.4%
FightingFalinks
44.4%
FairyMilcery
42.6%
SteelCufant
42.6%
SteelCopperajah
42.6%
FairyFlabébé
40.7%

You're not logged in!

Compare scores with friends on all Sporcle quizzes.
OR
Log In

From the Vault

Foreign Film Titles

by Cheese_Ed

Think of this as your passport to the cinema.
Remove Ads.
Support Sporcle.
Get the best of Sporcle when you Go Orange. This ad-free experience offers more features, more stats, and more fun while also helping to support Sporcle. Thank you for becoming a member.

Show Comments

Extras

Top Quizzes Today


Score Distribution

Your Account Isn't Verified!

In order to create a playlist on Sporcle, you need to verify the email address you used during registration. Go to your Sporcle Settings to finish the process.

Report this User

Report this user for behavior that violates our Community Guidelines.

Details: